000 00885nam a2200313 a 4500
001 000113765
003 CHAP
005 20220329144411.0
008 170918s2013 mx a |r| ||1|||spa d
010 _a110226
011 _a111198
020 _a9786073221245 (Volumen l)
040 _cCHAP
082 0 4 _a530
_bY68 2013
100 0 0 _aYoung, Hugh D.
_9123216
245 1 0 _aSears y Zemansky :
_bfísica universitaria /
_cpor Hugh D. Young y Roger A. Freedman.
246 2 _aFísica Universitaria
250 _a13 ed.
260 _aMéxico, D.F. :
_bPearson,
_c2013.
300 _a2 v. :
_bil.
500 _aLa biblioteca tiene v.1
534 _pTít. original :
_tUniversity Physics Modern Physics
590 _aE5765TAJ
_b05
_c20170918
_lUCH01
_h1206
650 1 4 _aFísica.
_941975
700 0 _aFreedman, Roger.
_943111
901 _aBK
942 _cLIBRO
942 _n0
999 _c110226
_d110226